| 000 | 00365 a2200157 4500 | ||
|---|---|---|---|
| 001 | 187928 | ||
| 020 | _a85-342-1547-2 | ||
| 040 | _cMagnum | ||
| 100 | _aFernandes, Valter Dos Santos | ||
| 240 | 1 | 0 |
_aMatemática para o ensino médio _lpor |
| 245 | 1 | 0 | _aMatemática para o ensino médio |
| 300 | _a622 | ||
| 362 | 0 | _a2005 | |
| 697 | _aMATEMÁTICA | ||
| 942 | _cBK | ||
| 999 |
_c187928 _d187928 |
||